000 00665nam a2200217 a 4500
001 56228
003 BD-RjUL
005 20211209080353.0
008 161127s1965 enk b 000 0 eng
035 _a(BD-RjUL)56352
040 _aDLC
_cODaWU
_dBD-RjUL
_beng
041 _aeng
082 _223
_a954.0298
_bMAI 1965
100 1 _aMarshall, P. J.
_q(Peter James)
_9167313
245 1 4 _aThe impeachment of Warren Hastings /
_cP. J. Marshall.
260 _aLondon :
_bOxford University Press,
_c1965.
300 _axix, 217 p.
_c23 cm.
504 _aIncludes Bibliographical References and Index
600 1 0 _aHastings, Warren,
_d1732-1818.
_9167314
942 _2ddc
_cBK
999 _c56228
_d56228